000 00350cam a2200145ua 4500
041 _aeng
_h
082 _a954.799
_bEST/GO
100 _aEsteves, Sarto .
245 _aGoa and its future /
_cSarto Esteves.
_hTextual Documents
260 _aBombay :
_bManakjalas ,
_c1966.
300 _a148 ; .
504 _a
942 _cBK
999 _c11389
_d11389